[Event "FRA-chT1A 1112"]
[Site "France"]
[Date "2011.11.13"]
[Round "3.8"]
[White "Fayad, Erwan"]
[Black "Condeminas, Christian"]
[Result "1-0"]
[WhiteElo "1851"]
[BlackElo "1741"]
[PlyCount "65"]
[EventDate "2011.10.16"]
[EventType "team-tourn"]
[EventRounds "11"]
[EventCountry "FRA"]
[SourceTitle "EXT 2013"]
[Source "ChessBase"]
[SourceDate "2012.11.22"]
[SourceVersion "1"]
[SourceVersionDate "2012.11.22"]
[SourceQuality "1"]
[WhiteTeam "JEEN"]
[BlackTeam "Loures Barousse"]
[WhiteTeamCountry "FRA"]
[BlackTeamCountry "FRA"]

1. e4 e6 2. d4 d5 3. Nd2 Nf6 4. e5 Nfd7 5. f4 c5 6. c3 Nc6 7. Ndf3 Qb6 8. Ne2 Be7 9. g3 0-0 10. Bh3 f5 11. g4 g6 12. gxf5 gxf5 13. Rg1+ Kh8 14. Ng5 Bxg5 15. Rxg5 Qd8 16. Be3 h6 17. Rg3 c4 18. Bf2 b5 19. Ng1 Qe8 20. Bg2 Rg8 21. Bf3 Rxg3 22. Bxg3 Nf8 23. Bh4 Ng6 24. Bh5 Qg8 25. Bf6+ Kh7 26. Qf3 Bd7 27. Kf2 Be8 28. Nh3 Bf7 29. Rg1 Qf8 30. Qg3 Qe8 31. Qh4 Nce7 32. Bxg6+ Nxg6 33. Ng5+ 1-0

[Event "FRA-chT1A 1112"]
[Site "France"]
[Date "2011.11.12"]
[Round "2.8"]
[White "Condeminas, Christian"]
[Black "Blanche, Paul"]
[Result "0-1"]
[WhiteElo "1741"]
[BlackElo "2125"]
[PlyCount "156"]
[EventDate "2011.10.16"]
[EventType "team-tourn"]
[EventRounds "11"]
[EventCountry "FRA"]
[SourceTitle "EXT 2013"]
[Source "ChessBase"]
[SourceDate "2012.11.22"]
[SourceVersion "1"]
[SourceVersionDate "2012.11.22"]
[SourceQuality "1"]
[WhiteTeam "Loures Barousse"]
[BlackTeam "Lisieux"]
[WhiteTeamCountry "FRA"]
[BlackTeamCountry "FRA"]

1. e4 c5 2. c3 Nf6 3. e5 Nd5 4. d4 Nc6 5. Bc4 Nb6 6. Bb3 cxd4 7. Nf3 d5 8. exd6 Qxd6 9. 0-0 Bf5 10. Re1 e6 11. Na3 a6 12. cxd4 Be7 13. Be3 0-0 14. Ne5 Rfe8 15. Nxc6 Qxc6 16. Rc1 Qd7 17. Qf3 Bf6 18. Red1 Nd5 19. Qg3 b5 20. Bg5 Bxg5 21. Qxg5 h6 22. Qd2 Qe7 23. Nc2 Ra7 24. Ne3 Nxe3 25. fxe3 Rd7 26. Bc2 Bg4 27. Qd3 Bf5 28. Qd2 Qg5 29. Qf2 Bxc2 30. Rxc2 Qd5 31. b3 Qe4 32. Rdc1 e5 33. Qf3 Qxf3 34. gxf3 exd4 35. e4 Kh7 36. Kf2 Kg6 37. Rc8 Rxc8 38. Rxc8 d3 39. Rc6+ Kg5 40. Rc5+ Kf6 41. Ke1 d2+ 42. Kd1 g5 43. Rc6+ Ke5 44. Rxa6 Kf4 45. Rc6 Kxf3 46. e5 Ke4 47. Rd6 Ra7 48. e6 fxe6 49. Rxe6+ Kf3 50. Rxh6 Rxa2 51. Rh3+ Kf4 52. Rd3 g4 53. Rd5 Ke3 54. Re5+ Kd3 55. Rd5+ Kc3 56. Rc5+ Kb4 57. Rg5 Ra1+ 58. Kxd2 Ra2+ 59. Kc1 Rxh2 60. Rxg4+ Kxb3 61. Rg3+ Ka2 62. Rg8 b4 63. Ra8+ Kb3 64. Rb8 Rh1+ 65. Kd2 Ka3 66. Ra8+ Kb2 67. Rb8 b3 68. Rb7 Rh6 69. Rb8 Rd6+ 70. Ke2 Kc2 71. Rc8+ Kb1 72. Rb8 b2 73. Rb7 Rd5 74. Rb8 Ka2 75. Ra8+ Kb3 76. Rb8+ Ka3 77. Rb7 Rd4 78. Ra7+ Kb3 0-1

[Event "FRA-chT4 0809"]
[Site "France "]
[Date "2009.01.18"]
[Round "4"]
[White "Condeminas, Christian"]
[Black "Rouede, Gilbert"]
[Result "1-0"]
[WhiteElo "1809"]
[BlackElo "1819"]
[PlyCount "107"]
[EventDate "2008.10.??"]
[EventType "team-tourn"]
[EventRounds "9"]
[EventCountry "FRA"]
[SourceTitle "EXT 2010"]
[Source "ChessBase"]
[SourceDate "2010.11.25"]
[SourceVersion "1"]
[SourceVersionDate "2010.11.25"]
[SourceQuality "1"]

1. e4 c5 2. c3 Nf6 3. e5 Nd5 4. d4 cxd4 5. Bc4 Nb6 6. Bb3 dxc3 7. Nxc3 e6 8. Nf3 Be7 9. 0-0 0-0 10. Bf4 Nc6 11. Ne4 Nb4 12. Rc1 N6d5 13. Bg3 Qb6 14. a3 Nc6 15. Qd3 f5 16. Bxd5 exd5 17. Qxd5+ Kh8 18. Neg5 Nd8 19. b4 Ne6 20. h4 h6 21. Nh3 g5 22. hxg5 hxg5 23. Nd2 f4 24. Bh2 g4 25. Nc4 Qd8 26. Rc3 gxh3 27. Rxh3+ Kg7 28. Nd6 Bxd6 29. exd6 Qg5 30. Qd3 Rh8 31. Qc3+ Qf6 32. Qxf6+ Kxf6 33. Rxh8 b6 34. Rc1 Bb7 35. Rxa8 Bxa8 36. Rc7 Nxc7 37. dxc7 Bb7 38. Bxf4 Ke6 39. g4 d6 40. Bg5 Kd7 41. Bd8 d5 42. f4 Ke6 43. Kf2 Bc8 44. Ke3 Kd6 45. f5 Ke5 46. f6 Ke6 47. Kd4 Bb7 48. b5 Bc8 49. g5 Kf7 50. Kxd5 Bb7+ 51. Ke5 Bc8 52. Be7 Ke8 53. g6 Bg4 54. Bb4 1-0